000
00337 a2200109 4500
001
ART_7791
005
20260410161638.0
008
260409a
245
1
0
_a
La problemática fiscal de las exportaciones de servicios
100
1
_a
Edelstein, Andrés M.
773
0
_t
Consultor tributario
_g
- Nº 10 (dic. 2007)
_w
REV474
999
_c
13039
_d
13039